Visualizzazione normale
Vista MARC
- Chiesa, Fabio
di Personal Name
Records bibliografici associati: 1
001 - CONTROL NUMBER
- control field: 379
003 - CONTROL NUMBER IDENTIFIER
- control field: IT-RoPau
005 - DATE AND TIME OF LATEST TRANSACTION
- control field: 20130207095440.0
008 - FIXED-LENGTH DATA ELEMENTS
- fixed length control field: 130207|| aca||aabn | a|a d
040 ## - CATALOGING SOURCE
- Original cataloging agency: IT-RoPau
- Transcribing agency: IT-RoPau
100 ## - HEADING--PERSONAL NAME
- Personal name: Chiesa, Fabio
670 ## - SOURCE DATA FOUND
- Source citation: Work cat.: (IT-RoPau): Chiesa, Fabio, Francesco Chiesa, 2006